000 00602nam a2200193Ia 4500
003 GCL
008 140319s9999 xx 000 0 ara d
040 _aGCL /
_cGCL
082 0 4 _a953.04
_bن ف
100 1 _aنبيلة حسن محمد
245 1 0 _aفى تاريخ الدولة العباسية /
_cنبيلة حسن محمد
300 _a396 ص
490 _aالهيئة العامة للاستعلامات
_v0
650 0 4 _aالتاريخ الاسلامى
650 0 4 _aالتاريخ
650 0 4 _aالعباسيون
650 0 4 _aالعالم العربى - تاريخ
942 _2ddc
_cBK
999 _c49186
_d49186